S17-0 駅名クイズ - 近鉄 ver. - Statistics

General Stats
  • This quiz has been taken 1,533 times
    1,462 since last reset
  • The average score is 134 of 313
Answer Stats
Number Answer % Correct
A01 大阪難波
92%
A03 | D03 大阪上本町
89%
A04 | D04 鶴橋
87%
A02 近鉄日本橋
86%
A17 | C27 | G17 生駒
85%
A26 | B26 大和西大寺
85%
A28 近鉄奈良
85%
A06 | D06 布施
84%
B01 京都
83%
E01 近鉄名古屋
79%
B39 | D39 大和八木
78%
B42 | F42 橿原神宮前
76%
A16 石切
73%
A27 新大宮
73%
D61 | E61 | M61 伊勢中川
73%
A05 | D05 今里
72%
A20 学園前
72%
A12 東花園
71%
E39
71%
M78 鳥羽
71%
H35 天理
70%
E21 | K21 近鉄四日市
70%
B07 近鉄丹波橋
69%
M93 賢島
69%
A18 東生駒
68%
B02 東寺
67%
C30 学研奈良登美ヶ丘
66%
B05 竹田
66%
D55 西青山
65%
D56 東青山
65%
F01 大阪阿部野橋
65%
F57 吉野
65%
D49 名張
64%
M74 宇治山田
64%
A07 河内永和
63%
B36 田原本
63%
C23 長田
62%
A13 瓢箪山
61%
A21 菖蒲池
61%
E13 桑名
61%
K26
61%
C26 新石切
60%
D53 青山町
60%
M73 伊勢市
60%
A08 河内小阪
59%
B16 新田辺
59%
B40 八木西口
59%
M64 松阪
59%
B24 高の原
58%
D13 高安
58%
D23 五位堂
58%
D25 大和高田
58%
D42 桜井
58%
D57 榊原温泉口
58%
M75 五十鈴川
58%
O23 河内長野
58%
A11 河内花園
57%
G28 王寺
57%
D52 伊賀神戸
57%
E17 近鉄富田
57%
E31 白子
57%
F15 | N15 道明寺
57%
B08 桃山御陵前
56%
B32 | H32 平端
56%
D18 河内国分
56%
E11 近鉄弥富
56%
K30 湯の山温泉
56%
I36 西田原本
55%
E40 津新町
55%
A19 富雄
54%
B21 新祝園
54%
D11 近鉄八尾
54%
D45 榛原
54%
E08 近鉄蟹江
54%
A09 八戸ノ里
53%
B03 十条
53%
I43 新王寺
53%
B41 畝傍御陵前
52%
D12 | J12 河内山本
52%
B30 近鉄郡山
51%
D19 大阪教育大前
51%
J14 | Z14 信貴山口
51%
F16 | O16 古市
51%
P26 近鉄御所
51%
A10 若江岩田
50%
A14 枚岡
50%
B33 ファミリー公園前
50%
D43 大和朝倉
50%
E05 近鉄八田
50%
M88 志摩磯部
50%
M91 鵜方
50%
F48 吉野口
50%
A15 額田
49%
C29 学研北生駒
49%
B12 大久保
49%
B28 西ノ京
49%
D07 俊徳道
49%
D48 赤目口
49%
D50 桔梗が丘
49%
E12 近鉄長島
48%
L31 鈴鹿市
48%
B25 平城
47%
D08 長瀬
47%
E02 米野
47%
E29 | L29 伊勢若松
47%
N17 柏原
47%
E03 黄金
46%
B19 近鉄宮津
45%
D21 二上
45%
D46 室生口大野
45%
F23 | P23 尺土
45%
B04 上鳥羽口
44%
B06 伏見
44%
B29 九条
44%
D40 耳成
44%
D47 三本松
44%
D41 大福
43%
D44 長谷寺
43%
E42 久居
43%
D09 弥刀
42%
D10 久宝寺口
42%
E43 桃園
42%
O18 富田林
42%
Y21 生駒山上
42%
C24 荒本
41%
C28 白庭台
41%
B27 尼ヶ辻
41%
D54 伊賀上津
41%
F13 藤井寺
41%
D51 美旗
40%
E09 富吉
40%
E38 江戸橋
40%
L33 平田町
40%
F44 飛鳥
40%
G20 南生駒
39%
C25 吉田
39%
B18 三山木
39%
E24 塩浜
39%
F24 高田市
39%
F56 吉野神宮
39%
B10 小倉
38%
B38 新ノ口
38%
M69 明星
38%
F02 河堀口
38%
F47
38%
D14 恩智
37%
M77 池の浦
37%
F27 橿原神宮西口
37%
Y18 宝山寺
37%
B22 木津川台
36%
H33 二階堂
36%
F10 河内松原
36%
G27 信貴山下
35%
H34 前栽
35%
D20 関屋
35%
E04 烏森
35%
E16 川越富洲原
35%
E41 南が丘
35%
D58 大三
34%
D59 伊勢石橋
34%
D60 川合高岡
34%
M65 東松阪
34%
M76 朝熊
34%
M92 志摩神明
34%
F07 河内天美
34%
G24 平群
33%
B09 向島
33%
D16 堅下
33%
D17 安堂
33%
D22 近鉄下田
33%
E26
33%
F54 六田
33%
G18 菜畑
32%
B11 伊勢田
32%
B17 興戸
32%
B23 山田川
32%
E36 白塚
32%
F06 矢田
32%
F52 下市口
32%
G19 一分
31%
B14 寺田
31%
D15 法善寺
31%
D27 真菅
31%
E15 伊勢朝日
31%
E23 海山道
31%
E25 北楠
31%
M62 伊勢中原
31%
M79 中之郷
31%
N16 柏原南口
31%
F19 二上山
30%
F45 壺阪山
30%
B15 富野荘
29%
B34 結崎
29%
D26 松塚
29%
M63 松ヶ崎
29%
M72 宮町
29%
G22 東山
28%
B31 筒井
28%
D24 築山
28%
J13 服部川
28%
K27 菰野
28%
M68 斎宮
28%
F05 針中野
28%
O19 富田林西口
28%
F55 大和上市
28%
B13 久津川
27%
B20 狛田
27%
E10 佐古木
27%
E20 川原町
27%
E37 高田本山
27%
M80 志摩赤崎
27%
Y17 鳥居前
27%
B35 石見
26%
B37 笠縫
26%
E07 戸田
26%
E14 益生
26%
E18 霞ヶ浦
26%
E19 阿倉川
26%
E22 新正
26%
F14 土師ノ里
26%
F20 二上神社口
26%
Z15 高安山
26%
M70 明野
25%
M90 志摩横山
25%
P24 近鉄新庄
25%
F43 岡寺
25%
G25 竜田川
24%
E06 伏屋
24%
E27 長太ノ浦
24%
L32 三日市
24%
M87 上之郷
24%
F25 浮孔
24%
F49 薬水
24%
I37 黒田
23%
I42 大輪田
23%
E32 鼓ヶ浦
23%
E35 豊津上野
23%
M85 五知
23%
M86 沓掛
23%
F03 北田辺
23%
F08 布忍
23%
E30 千代崎
22%
M71 小俣
22%
F04 今川
22%
F26 坊城
22%
G23 元山上口
21%
I41 佐味田川
21%
E34 千里
21%
L30
21%
M67 漕代
21%
M84 白木
21%
F18 上ノ太子
21%
F21 当麻寺
21%
P25 忍海
21%
I38 但馬
20%
M66 櫛田
20%
O17 喜志
20%
O21 滝谷不動
20%
G21 萩の台
19%
G26 勢野北口
19%
I39 箸尾
19%
I40 池部
19%
M83 松尾
19%
F11 恵我ノ荘
19%
F17 駒ヶ谷
19%
F22 磐城
19%
F50 福神
19%
E28 箕田
18%
E33 磯山
18%
K23 伊勢松本
18%
K28 中菰野
18%
Y19 梅屋敷
18%
K29 大羽根園
17%
M81 船津
17%
M82 加茂
17%
M89 穴川
17%
F12 高鷲
17%
F09 高見ノ里
16%
O20 川西
16%
O22 汐ノ宮
16%
F51 大阿太
16%
Y20 霞ヶ丘
16%
葛城山上
16%
K24 伊勢川島
14%
K22 中川原
13%
F46 市尾
13%
F53 越部
13%
K25 高角
10%
葛城登山口
9%
No matching quizzes found
Score Distribution
Percent of People with Each Score
Percentile by Number Answered
Your Score History
You have not taken this quiz since the last reset